Statistiques concernant Capitales avec la lettre L

Cliquez ici pour prendre le quiz!

Statistiques générales

  • Ce quiz a été pris 121 fois
    (86 depuis la dernière actualisation)
  • Le résultat moyen est 39 sur 55

Statistiques - réponses

HintRéponse% Correct
LLisbonne
91%
LLondres
88%
LLuxembourg
88%
LBerlin
86%
LBrasilia
84%
LHelsinki
84%
LOslo
84%
LStockholm
84%
LLLAndorre-la-Vieille
81%
LLa Havane
81%
LLLa Valette
81%
LLe Caire
81%
LNew Delhi
81%
LAlger
79%
LLBruxelles
79%
LDublin
79%
LOulan-Bator
79%
LBratislava
77%
LIslamabad
77%
LLe Cap/Bloemfontein
77%
LLima
77%
LLLjubljana
77%
LLManille
77%
LVilnius
77%
LLWellington
77%
LLTallinn
74%
LTripoli
74%
LLLLibreville
72%
LLomé
72%
LLuanda
72%
LTbilissi
72%
LBelgrade
70%
LLKuala Lumpur
70%
LBelmopan
67%
LLBrazzaville
67%
LJérusalem
67%
LKaboul
67%
LLa Paz
67%
LMalé
67%
LSéoul
65%
LKigali
63%
LLLilongwe
63%
LPort-Louis
60%
LGuatemala
58%
LLusaka
58%
LTegucigalpa
58%
LDili
53%
LSan Salvador
53%
LMalabo
51%
LKampala
49%
LPalikir
49%
LPort-Vila
49%
LBanjul
47%
LNuku'alofa
40%
LNgerulmud
37%

Distribution des résultats

Percentile par nombre de réponses

% des personnes avec chaque résultat

Votre développement - résultats

Vous n’avez pas pris ce quiz depuis la dernière actualisation